Names of things in my house Quiz Stats

 Plays Quiz not verified by Sporcle

Support Sporcle.
Go Orange.
Score 0/17 Timer 15:00
0 Plays Today
where where % Correct
sink???
91.7%
meds???
91.7%
bed???
83.3%
beer???
83.3%
lamp???
75%
weed???
75%
kids???
75%
dog.???
75%
pillow???
75%
where where % Correct
homeless man???
75%
couch???
75%
fishtank???
75%
pills???
75%
girlfriend'???
75%
computer???
75%
mice???
75%
roaches???
75%

You're not logged in!

Compare scores with friends on all Sporcle quizzes.
OR
Log In

From the Vault

ABBA or the Bee Gees?

by hjckr

Song quizzes? Mamma Mia, here we go again.
Remove Ads.
Support Sporcle.
Get the best of Sporcle when you Go Orange. This ad-free experience offers more features, more stats, and more fun while also helping to support Sporcle. Thank you for becoming a member.

Show Comments

Extras

Top Quizzes Today


Score Distribution

Your Account Isn't Verified!

In order to create a playlist on Sporcle, you need to verify the email address you used during registration. Go to your Sporcle Settings to finish the process.

Report this User

Report this user for behavior that violates our Community Guidelines.

Details: